|
|
|
|
| LEADER |
02164nam a2200409 a 4500 |
| 001 |
EBC3019333 |
| 003 |
MiAaPQ |
| 005 |
20200520144314.0 |
| 006 |
m o d | |
| 007 |
cr cn||||||||| |
| 008 |
091130s2010 nyu sb 001 0 eng d |
| 010 |
|
|
|z 2009049809
|
| 020 |
|
|
|z 9781608760169 (hardcover)
|
| 020 |
|
|
|a 9781613240410 (electronic bk.)
|
| 035 |
|
|
|a (MiAaPQ)EBC3019333
|
| 035 |
|
|
|a (Au-PeEL)EBL3019333
|
| 035 |
|
|
|a (CaPaEBR)ebr10670898
|
| 035 |
|
|
|a (OCoLC)709863154
|
| 040 |
|
|
|a MiAaPQ
|c MiAaPQ
|d MiAaPQ
|
| 043 |
|
|
|a ac-----
|
| 050 |
|
4 |
|a HB3633.315.A3
|b L67 2010
|
| 082 |
0 |
4 |
|a 304.609475
|2 22
|
| 100 |
1 |
|
|a Lortkipanize, Vaza.
|
| 245 |
1 |
4 |
|a The population of the Caucasus
|h [electronic resource] /
|c Vazha Lordkipanidze and Anzor Totadze.
|
| 260 |
|
|
|a New York :
|b Nova Science Publishers,
|c c2010.
|
| 300 |
|
|
|a viii, 286 p.
|
| 490 |
1 |
|
|a Caucasus region political, economic and security issues
|
| 504 |
|
|
|a Includes bibliographical references and index.
|
| 505 |
0 |
|
|a Population of Caucasus from the ancient times to the XX century -- Deportations of Caucasian peoples and ethno-political conflicts in Caucasus in the XX century -- Demographic situation in the post-Soviet space -- Size and structure of the population of Caucasus in the XX century and the beginning of the XXI century -- Natural movement of the population of Caucasus in the XX century and the beginning of the XXI century -- Population of south Caucasian countries in the XX century and the beginning of the XXI century -- Population of north Caucasus in the XX century and the beginning of the XXI century.
|
| 533 |
|
|
|a Electronic reproduction. Ann Arbor, MI : ProQuest, 2015. Available via World Wide Web. Access may be limited to ProQuest affiliated libraries.
|
| 651 |
|
0 |
|a Caucasus
|x Population
|x History
|y 20th century.
|
| 651 |
|
0 |
|a Caucasus
|x Population
|x History
|y 21st century.
|
| 655 |
|
4 |
|a Electronic books.
|
| 700 |
1 |
|
|a Totaze, Anzor,
|d 1939-
|
| 710 |
2 |
|
|a ProQuest (Firm)
|
| 830 |
|
0 |
|a Caucasus region political, economic and security issues.
|
| 856 |
4 |
0 |
|u https://ebookcentral.proquest.com/lib/matrademy/detail.action?docID=3019333
|z Click to View
|